000
00341nam a22001577a 4500
003
OSt
008
250417b |||||||| |||| 00| 0 eng d
020
_a
9781405958110
082
_a
362.29 PHH
100
_a
PHILLIPS,David JP
245
_a
High on Life
260
_a
UK
_b
Penguin
300
_a
254
650
_a
General
942
_2
ddc
_c
REF
999
_c
13310
_d
13310